|
|
|
|
| LEADER |
00000nab a2200000 a 4500 |
| 001 |
vtls000543541 |
| 003 |
SK-MaSNL |
| 005 |
20260303011911.0 |
| 008 |
120929c1993 xo 0 slo |
| 015 |
|
|
|a SNBRA19rr/mm-uuuuu
|
| 035 |
|
|
|a CL0543679
|
| 040 |
|
|
|a SNKBUCL
|b slo
|c SNKBUCL
|e AACR2
|
| 041 |
0 |
|
|a slo
|
| 044 |
|
|
|a xo
|c SK
|
| 080 |
|
|
|a 658.3.07
|2 1981
|
| 100 |
1 |
|
|a Rybárová, Ľubica,
|d 1968-
|4 aut
|9 191005
|
| 245 |
1 |
0 |
|a Postavenie a úlohy personálneho útvaru v modernom podniku
|c Ľubica Rybárová
|
| 300 |
|
|
|b Res. angl., lit. 3 zázn. v angl., češ., slov.
|
| 650 |
0 |
7 |
|a podniky
|2 snkbucl
|9 923
|
| 650 |
0 |
7 |
|a útvary personálne
|2 snkbucl
|9 990958
|
| 655 |
|
7 |
|a články zo zborníkov
|2 snkbucl
|9 166140
|
| 773 |
0 |
|
|t Deviata medzinárodná vedecká konferencia
|d Žilina : Vysoká škola dopravy a spojov, 1993
|g S. 323-326
|z 8071001430
|
| 850 |
|
|
|a Slovenská národná knižnica v Martine
|a MTA001
|
| 852 |
|
|
|a SNK
|b KIS3GCP
|
| 958 |
|
|
|a RK
|
| 992 |
|
|
|a RZB
|
| 999 |
|
|
|c 1594613
|d 1596543
|